logo

Bir Sreshtho Munshi Abdur Rouf Library
Jhenaidah Cadet College

Kit Carson War Scout / (Record no. 6850)

MARC details
000 -LEADER
fixed length control field 00543nam a2200217 a 4500
001 - CONTROL NUMBER
JCCL Control Number 6850
003 - CONTROL NUMBER IDENTIFIER
JCCL marc code BD-JhCC
005 - DATE AND TIME OF LATEST TRANSACTION
control field 20200408134007.0
008 - FIXED-LENGTH DATA ELEMENTS--GENERAL INFORMATION
fixed length control field 180131s1962 e a|||| || | 000 0 eng d
035 ## - SYSTEM CONTROL NUMBER
system control number (BD-JhCC)6850
040 ## - CATALOGING SOURCE
Original cataloging agency BD-JhCC
Modifying agency BD-JhCC
041 ## - LANGUAGE CODE
Language code of Book eng
082 ## - DEWEY DECIMAL CLASSIFICATION NUMBER
Classification number 823.91
Author mark and Year ROB 1962
100 ## - MAIN ENTRY--PERSONAL NAME
Personal name Robb, John
245 ## - TITLE STATEMENT
Title Kit Carson War Scout /
Statement of responsibility, etc John Robb,
260 ## - PUBLICATION, DISTRIBUTION, ETC. (IMPRINT)
Place of publication, distribution, etc London :
Name of publisher, distributor, etc Collins London and Glasgow,
Date of publication, distribution, etc 1962
300 ## - PHYSICAL DESCRIPTION
Pagination 188 p. :
Dimensions 20 cm.
650 ## - SUBJECT ADDED ENTRY--TOPICAL TERM
Topical term or geographic name as entry element Western Stories
942 ## - ADDED ENTRY ELEMENTS (KOHA)
Source of classification or shelving scheme Dewey Decimal Classification
Koha item type Books
Koha issues (borrowed), all copies 1
Holdings
Source of classification or shelving scheme Damaged status Not for loan Home library Current library Shelving location Date of accession Total Checkouts Full call number Barcode Date last seen Copy number Koha item type Date checked out
Dewey Decimal Classification     JCC Rouf Library JCC Rouf Library General Stacks 01/31/2018   823.91 ROB 1962 9386 01/31/2018 C-1 Books  
Dewey Decimal Classification     JCC Rouf Library JCC Rouf Library General Stacks 02/10/2018 1 823.91 ROB 1962 9543 04/20/2020 C-2 Books 04/08/2020

JCC Library | Contacts | JCC Home

Last Update on 23 September 2017
Copyright @ 2017-2020 JCC Rouf Library
Rouf Library, Jhenidah Cadet College (JCC), Bangladesh